000 00381nam a22001457a 4500
020 _a978-81-920888-0-8
082 _a001
_bTHO/A
100 _aTHORNTON, KATHRYN
245 _aANSWER BOOK
_b10001 FAST FACTS ABOUT OUR WORLD
250 _aUPDATED EDITION
260 _aWASHINGTON DC
_bNATIONAL GEOGRAPHIC
300 _a470
650 _aGENERAL KNOWLEDGE
_zUNITED STATES
942 _cBK
999 _c2210
_d2210